000 00289 a2200145 4500
001 170571
020 _a
040 _cMagnum
100 _a-
240 1 0 _aPrimeiros socorros
_lpor
245 1 0 _aPrimeiros socorros
362 0 _a1899
697 _aCIENCIAS MEDICAS SAUDE
942 _cBK
999 _c170571
_d170571